La Nota - Manuel Turizo, Rauw Alejandro, Myke Towers - Estadísticas

Estadísticas generales
  • Esta prueba ha sido intentada 31 veces
  • La puntuación promedio es 310 de 458
Estadísticas de respuestas
Letra % Correcto
a
100%
la
100%
La
100%
no
100%
No
100%
nota
100%
pa
100%
Pa
100%
por
100%
Por
100%
su
100%
cintura
88%
88%
de
88%
De
88%
el
88%
en
88%
es
88%
Es
88%
está
88%
le
88%
lo
88%
Lo
88%
mueva
88%
que
88%
Que
88%
qué
88%
se
88%
si
88%
Si
88%
suba
88%
Te
88%
te
88%
88%
88%
ven
88%
Ven
88%
y
88%
Y
88%
yo
88%
Yo
88%
asegura
75%
bien
75%
como
75%
Con
75%
con
75%
Cuba
75%
desnuda
75%
dice
75%
dura
75%
Dura
75%
he
75%
Las
75%
libre
75%
los
75%
mundo
75%
nos
75%
Nos
75%
Porque
75%
Sabe
75%
sabe
75%
To
75%
un
75%
Venezuela
75%
Ambos
63%
amor
63%
Bermuda
63%
conozco
63%
Ella
63%
entendemos
63%
eres
63%
Ey
63%
hablar
63%
Parcerita
63%
perdemos
63%
quiere
63%
sabemos
63%
Sin
63%
sin
63%
Todo
63%
triángulo
63%
una
63%
visto
63%
ya
63%
adoro
50%
amén
50%
carnal
50%
colabórame
50%
Colaboremos
50%
conocemos
50%
deseo
50%
dio
50%
diosa
50%
estás
50%
mal
50%
me
50%
na
50%
oh
50%
Sabes
50%
sigue
50%
al
38%
comerme
38%
conmigo
38%
creo
38%
da
38%
enamórame
38%
Haciéndome
38%
Hasta
38%
importa
38%
marido
38%
Pero
38%
pero
38%
porta
38%
sus
38%
tenga
38%
va
38%
yeah
38%
alineo
25%
Aprovecha
25%
condominio
25%
despierta
25%
devórame
25%
eso
25%
figura
25%
juego
25%
loco
25%
mejor
25%
misterio
25%
muy
25%
nuevo
25%
planear
25%
problema
25%
Quiero
25%
Rauw
25%
Repitamos
25%
repitamos
25%
serio
25%
soy
25%
Soy
25%
tenemos
25%
tener
25%
yeh
25%
adulterio
13%
aguacero
13%
alardeo
13%
altura
13%
Bini
13%
cáele
13%
caiga
13%
calentura
13%
calmar
13%
claro
13%
Cuando
13%
dártelo
13%
dejemos
13%
disco
13%
Donde
13%
duro
13%
freaky
13%
fue
13%
gente
13%
hablarte
13%
hagamos
13%
hickies
13%
linda
13%
llevamos
13%
luego
13%
Mala
13%
Mami
13%
mía
13%
Mickey
13%
murmura
13%
nena
13%
novio
13%
pared
13%
pego
13%
picky
13%
pista
13%
pone
13%
Prada
13%
quieren
13%
rico
13%
seria
13%
sincero
13%
suena
13%
tapar
13%
temperatura
13%
tienes
13%
Todos
13%
tricky
13%
uoh
13%
vea
13%
vemos
13%
voy
13%
No se encontraron pruebas coincidentes
Distribución de puntuación
Porcentaje de gente con cada puntuación
Porcentaje por número respondido
Historial de tus puntuaciones
No has intentado esta prueba.